000 00380nam a2200157Ia 4500
003 Ost
005 20260225132537.0
008 260225s9999||||xx |||||||||||||| ||und||
040 _cfsic
041 _afre
082 _a1.42
100 _aMichel meyer
_eAuteur
245 0 _aQuestion de méthorique :
245 0 _blangage,raison et séduction /
_cMichel meyer
942 _cكتاب
999 _c33280
_d33280